[Event "CZE-ch Open 2018"]
[Site "Ostrava"]
[Date "2018.04.28"]
[Round "1"]
[White "Cerveny, Martin"]
[Black "Mladek, Richard"]
[Result "1-0"]
[WhiteElo "2379"]
[BlackElo "2136"]
[Annotator "TA"]
[PlyCount "115"]
[EventDate "2018.??.??"]
[EventCountry "CZE"]
[SourceTitle "playchess.com"]
[Source "ChessBase"]
[SourceQuality "1"]

{[%evp 12,115,36,-115,-105,-248,-247,-247,-233,-251,-267,-303,-132,-251,-217,-220,-194,-218,-152,-216,-220,-138,0,0,25,25,31,28,24,17,36,0,103,93,97,106,109,0,10,0,0,0,0,0,0,-18,0,0,0,0,0,0,0,0,0,0,72,0,0,0,0,0,0,0,237,0,229,235,372,206,229,141,293,301,305,306,270,279,272,256,501,498,872,714,857,845,1950,817,29990,777,768,766,736,693,692,672,29993,29994,29994,29995,29995,29996,29996,29997,29997,29998]} 1. d4 Nf6 2. Bg5 Ne4 3. Bf4 c5 4. f3 Qa5+ 5. c3 Nf6 6. d5 Qb6 7. Qd2 $2 {LiveBook: 3 Games. A45: Trompowsky Attack} (7. Bc1 $14) (7. Bc1 e6 8. e4 exd5 9. exd5 Be7 10. c4 d6 11. Bd3 Nbd7 12. f4 O-O 13. Nc3 Re8 14. Nge2 Nf8 15. Qc2 Bg4 16. O-O Bxe2 17. Bxe2 {0-1 (55) Mchedlishvili,M (2600)-Melkumyan,H (2664) Batumi 2018}) 7... Nxd5 $1 $17 8. Qxd5 (8. Bg3 $17) 8... Qxb2 $19 9. Qb3 {Black is clearly better.} ({Don't play} 9. Qxc5 Na6 $19) 9... Qxa1 10. e4 Nc6 11. Nh3 e6 (11... e5 $19 {is more deadly.} 12. Be3 b5 $1 {[%mdl 512]}) 12. Be2 {[#]} (12. Bb5 $17) 12... c4 $1 13. Qc2 {If White can now play 0-0 this consolidates a bit.} (13. Qxc4 Qxb1+) 13... b5 $146 {[%cal Bb7b5,Bb5b4][%mdl 32] aiming for ...Ba6.} ({Predecessor:} 13... Ba3 14. Kd2 Nd4 15. cxd4 Qxd4+ {0-1 (49) Fernandes,A (2410)-Vasques,A (2096) Amadora 2010}) 14. O-O Bc5+ 15. Nf2 (15. Kh1 $17) 15... b4 $1 16. Bxc4 e5 ({Black should try} 16... a5 $17 {Threatens to win with ...Ra7.} 17. Rc1 Bb7) 17. Bd2 $11 Rb8 {[#]} 18. Na3 $1 {[%mdl 512] [#]} Qxf1+ $1 {[%mdl 512]} (18... bxa3 19. Rxa1) 19. Kxf1 (19. Bxf1 bxa3) 19... bxa3 20. Nd3 Bd6 21. Nb4 Bb7 (21... O-O $11) 22. Qd3 $16 Be7 23. Nd5 Na5 24. Nxe7 ({White has to play} 24. Nc7+ $1 $16 Kd8 25. Bb5) 24... Nxc4 $11 25. Qxc4 Kxe7 26. Qc5+ d6 27. Qc7+ Ke6 28. f4 {Intending f5+ and mate.} Bxe4 {And now ...Rhc8 would win.} 29. Qc4+ d5 30. Qc6+ Ke7 $1 31. Qc7+ Ke6 32. fxe5 Rb6 33. Kf2 Rhb8 ({And not} 33... Rb2 34. Qd6+ Kf5 35. Qd7+ Kxe5 36. Qe7+ Kf5 37. g4+ $1 {[%mdl 512]} Kxg4 38. Qg5+ Kh3 39. Qh5#) (33... h5 $11) 34. Qxa7 (34. g4 $1 $16) 34... R8b7 35. Qxa3 Kxe5 {...Rb2 is the strong threat.} 36. Qf8 f6 37. g4 {Strongly threatening Kg3.} Re6 $2 (37... Rb2 $11 {and Black has nothing to worry.} 38. Ke3 h5) 38. Qc8 $2 (38. Kg3 $18 {[%csl Gg3][%cal Rd2f4]} Ree7 39. Qc8) 38... Ree7 $2 {[#]} (38... Rb2 $11 {and Black is okay.}) 39. Kg3 $1 $18 {[%csl Gg3][%cal Rd2f4][%mdl 1024] White has strong compensation.} f5 (39... g5 {is a better defense.} 40. Be3 Rbc7 41. Bd4+ Kd6) 40. Bg5 (40. g5 $142 {[%csl Gg3][%cal Rd2f4]} Red7 41. Bf4+ Ke6 42. Qg8+ Rf7 43. Qxh7) 40... Red7 41. h3 h6 $2 {[#]} (41... d4 $16) 42. Qe8+ $1 Kd6 43. Bf4+ Kc5 44. Qc8+ Kb5 {[#]} 45. Bd6 $1 {[%mdl 512]} f4+ $2 (45... g6 46. Qc5+ Ka6 47. Qc6+ Ka7) (45... Rxd6 46. Qxb7+) 46. Kxf4 Kb6 (46... Bg2 $142 47. Qc5+ Ka6 48. Qc6+ Ka7) 47. Qc5+ Ka6 48. c4 {[%cal Bc3c4,Bc4c5][%mdl 32] Qa3+ would kill now.} Rb6 49. Qc8+ Rbb7 50. Qa8+ (50. Qc6+ $142 Rb6 51. Qa4+ Kb7 52. Qxd7+ Ka6 53. Qa4+ Kb7 54. Qd7+ Ka6 55. Qa4+ Kb7 56. Qd7+) 50... Kb6 51. c5+ Kb5 52. a4+ Kc4 53. Qa6+ Kd4 {White must now prevent ...Rf7+.} 54. Be5+ {White mates.} Kxc5 55. Qa5+ Kc6 56. Qc3+ Kb6 57. Bd4+ Ka6 58. Qc6+ {Precision: White = 56%, Black = 42%.} 1-0

[Event "CZE-ch Open 2018"]
[Site "Ostrava"]
[Date "2018.04.28"]
[Round "1"]
[White "Konopka, Michal"]
[Black "Bures, Martin"]
[Result "1/2-1/2"]
[WhiteElo "2373"]
[BlackElo "2100"]
[Annotator "TA"]
[PlyCount "199"]
[EventDate "2018.??.??"]
[EventCountry "CZE"]
[SourceTitle "playchess.com"]
[Source "ChessBase"]
[SourceQuality "1"]

{[%evp 30,199,10,12,23,25,21,17,19,17,22,18,24,7,21,12,15,0,12,1,83,83,85,85,85,2,81,81,118,118,116,102,102,102,102,102,102,102,118,102,102,102,118,118,118,118,118,118,118,102,102,102,102,102,102,102,102,102,102,102,102,102,123,123,123,123,123,123,123,123,123,123,123,123,123,123,123,123,123,0,123,123,123,123,123,123,123,123,123,8,123,123,123,123,123,85,85,85,85,85,85,0,85,85,85,85,85,85,85,85,85,85,85,85,85,8,85,85,85,85,85,85,85,0,85,0,85,85,85,34,34,34,34,34,34,34,34,7,34,34,34,34,34,34,34,0,34,34,34,34,34,0,34,0,34,0,34,34,34,34,34,0,8,0,0,0,0,0,34,34,34,34]} 1. Nf3 d5 2. d4 Nf6 3. c4 e6 4. g3 Be7 5. Bg2 O-O 6. O-O dxc4 7. Qc2 a6 8. Qxc4 b5 9. Qc2 Bb7 10. Bg5 Nbd7 11. Bxf6 Nxf6 12. Nbd2 {[%cal Bb1d2,Bd2b3,Bb3c5][%mdl 32]} Rc8 13. Nb3 Be4 14. Qc3 Nd5 15. Qc1 c5 {E05: Open Catalan: 5 Nf3 Be7} 16. dxc5 {LiveBook: 7 Games} (16. Nxc5 Bxc5 17. dxc5 Qe7 18. Qd2 Rxc5 19. Rfc1 Rfc8 20. Rxc5 Qxc5 21. Ne1 Bxg2 22. Kxg2 h6 23. e4 {½-½ (32) Izoria,Z (2594)-Shankland,S (2674) Burlingame 2017}) 16... Bxc5 17. Nxc5 {[#] aiming for a3.} Bxf3 $1 {White has an edge.} 18. Bxf3 Qe7 $1 19. Qd2 Rxc5 20. Rac1 Rfc8 21. Rxc5 Qxc5 {[#]} 22. Rd1 $146 {[%cal Rf3d5]} ({Predecessor:} 22. Qa5 Qc6 23. Rd1 {½-½ (30) Kochyev,A (2505)-Huzman,A Pavlodar 1982}) 22... h6 23. e3 {[%cal Rf3d5]} Qc2 24. Bxd5 Qxd2 (24... exd5 $11 25. h4 g6) 25. Rxd2 $11 {[%mdl 4096] Endgame KRB-KR} Rc1+ 26. Kg2 exd5 $16 {KR-KR} 27. b3 (27. Rxd5 $16 Rc6 28. Rd7) 27... Kf8 (27... Rc5 $11) 28. Rxd5 {Threatens to win with Rd6.} Rc2 29. a4 b4 30. Rd4 a5 31. Rd5 Rc3 32. Rxa5 Rxb3 33. Rb5 Rb1 34. g4 b3 35. h4 Ra1 36. Rxb3 Rxa4 37. Kg3 g6 38. Rb5 Kg7 39. f3 Ra3 40. e4 Rc3 41. Kf4 Ra3 42. Rc5 Rb3 43. Ra5 Rc3 44. h5 g5+ 45. Kg3 f6 46. Ra7+ Kg8 47. Rb7 Ra3 48. Rd7 Ra2 49. Rd3 Re2 50. Rb3 Kg7 51. Rb7+ Kg8 52. Rb1 Kg7 53. Rf1 Kg8 54. Rf2 ({Better is} 54. Rc1 $16) 54... Re3 (54... Rxf2 $11 55. Kxf2 Kf7) 55. Rd2 Kf7 56. Kf2 Ra3 57. Rd7+ Kg8 58. Ke2 Rb3 59. Rd3 ({White should try} 59. Rd6 $16 Kg7 60. Ra6) 59... Rb4 (59... Rxd3 $1 $11 60. Kxd3 Kf7) 60. Ke3 Rb1 61. Kd4 Kf7 62. e5 Rb4+ 63. Ke3 fxe5 64. Rd6 Kg7 65. Rd7+ (65. Re6 $16) 65... Kg8 (65... Kf6 $1 $11 {keeps the balance.}) 66. Re7 Rf4 67. Rxe5 Kg7 68. Re6 Ra4 69. Rg6+ Kh7 70. Rd6 Rf4 71. Rd7+ Kg8 72. Rd4 (72. Rb7 $16) 72... Rf7 (72... Rxd4 $1 $11 {remains equal.} 73. Kxd4 Kf8) 73. Rd5 Rf4 74. Rf5 Ra4 75. Rf6 Kg7 76. Rg6+ Kh7 77. Rd6 Rf4 $1 78. Rd4 Rf7 79. f4 ({White should play} 79. Rd3 $16) 79... gxf4+ $14 80. Rxf4 Re7+ 81. Re4 Rf7 82. Re6 Rf1 {[#] Hoping for ...Re1+.} 83. Kd4 (83. Rg6 {looks sharper.} Re1+ 84. Kf2 Re7 85. Kf3 Rf7+ 86. Kg3) 83... Rg1 84. Re4 Kg7 85. Ke5 Ra1 86. Ke6 Ra6+ 87. Ke5 Ra1 88. Rd4 Re1+ 89. Kf4 $1 Rf1+ 90. Ke5 Re1+ 91. Re4 Ra1 92. Ke6 Ra6+ 93. Kf5 {Black must now prevent Re7+.} Rf6+ 94. Ke5 Rf1 95. Kd6 Rf6+ 96. Kd7 Ra6 97. Re6 Ra7+ 98. Kd6 {Strongly threatening Re7+.} Ra4 99. Rg6+ Kh7 100. Ke5 {Precision: White = 55%, Black = 66%.} 1/2-1/2

[Event "CZE-ch Open 2018"]
[Site "Ostrava"]
[Date "2018.04.28"]
[Round "1"]
[White "Lechtynsky, Jiri"]
[Black "Kopriva, Martin"]
[Result "1-0"]
[WhiteElo "2349"]
[BlackElo "2071"]
[Annotator "TA"]
[PlyCount "113"]
[EventDate "2018.??.??"]
[EventCountry "CZE"]
[SourceTitle "playchess.com"]
[Source "ChessBase"]
[SourceQuality "1"]

{[%evp 26,113,127,124,116,103,106,102,93,65,175,172,160,80,134,121,122,115,133,92,123,113,110,80,123,97,110,0,0,0,0,0,0,0,0,0,0,0,18,18,18,16,14,0,0,0,0,3,6,50,60,0,20,0,27,0,34,27,8,43,168,0,0,0,0,0,0,0,265,265,1585,1667,1794,1089,3014,2032,1041,1045,1045,1032,1951,951,581,581,29989,29990,29990,29991,29993,29994]} 1. d4 g6 2. c4 Bg7 3. Nc3 d6 4. Nf3 {[%cal Bg1f3,Bf3d2,Bd2c4][%mdl 32]} Nf6 5. e4 O-O 6. Be2 e5 7. Be3 Nc6 8. d5 Ne7 9. Nd2 Ne8 10. b4 f5 11. f3 f4 12. Bf2 g5 {E92: King's Indian: Classical: 6 Be2 e5: 7 dxe5, 7 Be3 and Petrosian System without 7...Nbd7} 13. c5 Ng6 14. Nc4 {LiveBook: 4 Games} h5 {White is better.} 15. h3 Nh4 {[#]} 16. Kf1 $146 ({Predecessor:} 16. Bf1 Bd7 17. Qb3 a6 18. Na5 Rb8 19. c6 Bc8 20. cxb7 Bxb7 21. Nxb7 Rxb7 22. Bxa6 Nxg2+ {1-0 (53) Belov,V (2560)-Datchenko,S playchess.com INT 2004}) 16... Rf7 17. a4 Bf6 (17... a6 $14) 18. c6 $1 $18 bxc6 19. dxc6 (19. Na5 $142 $1) 19... Ng7 (19... Ng6 $142) 20. Nd5 Ne6 21. Na5 Nd4 22. Nxf6+ Qxf6 23. Bxd4 $1 exd4 24. Bc4 {Strongly threatening Qb3.} d3 25. Rb1 Be6 {next ...Bxc4 is good for Black.} 26. Bxe6 (26. Bxd3 $6 d5 $11) (26. Qxd3 $16 Ng6 27. Bxe6 Qxe6 28. Qb3 Qxb3 29. Nxb3 (29. Rxb3 Ne5 $16)) 26... Qxe6 $11 27. Qxd3 Qa2 28. Rg1 d5 29. Qb3 ({But not} 29. exd5 $2 Nf5 $19) 29... Qxb3 30. Nxb3 dxe4 31. fxe4 {Black must now prevent Rd1.} f3 32. g3 $36 {[%mdl 2048] White has some pressure.} f2 33. Rh1 Nf3 $1 34. Kxf2 {aiming for Kg2.} Nd2+ $1 35. Ke3 Nxb1 36. Rxb1 {[%mdl 4096] Endgame KRR-KRN} g4 37. hxg4 hxg4 38. Nd2 (38. Nd4 $14) 38... a6 39. Rc1 Kg7 40. Rc4 Re8 41. b5 axb5 42. axb5 Rf5 {[#]} ({Better is} 42... Rff8 $14) 43. Rb4 $2 (43. b6 $1 $18 {[%mdl 512]}) 43... Rfe5 44. Kf4 Kf6 45. b6 cxb6 46. Rxb6 {c7+ is the strong threat.} R5e6 $2 {[%mdl 8192] [#]} (46... Ke6 $11 {and Black is okay.}) 47. e5+ $1 $18 Kg6 $2 (47... Ke7 48. Ne4 Rc8) 48. Nc4 Rc8 49. Nd6 Rc7 50. Ke4 Rce7 51. Kd4 Rc7 52. Kd5 Rce7 {[#]} 53. c7 $1 {[%mdl 512]} Rxe5+ (53... Rxc7 54. Kxe6) 54. Kd4 Rc5 55. c8=Q {White mates.} Rxc8 56. Nxc8+ Re6 57. Rxe6+ {Precision: White = 52%, Black = 40%.} 1-0

[Event "CZE-ch Open 2018"]
[Site "Ostrava"]
[Date "2018.04.28"]
[Round "1"]
[White "Hausner, Ivan"]
[Black "Kana, Pavel"]
[Result "1-0"]
[WhiteElo "2334"]
[BlackElo "2024"]
[Annotator "TA"]
[PlyCount "93"]
[EventDate "2018.??.??"]
[EventCountry "CZE"]
[SourceTitle "playchess.com"]
[Source "ChessBase"]
[SourceQuality "1"]

{[%evp 17,93,30,39,39,39,39,39,39,39,39,39,35,32,31,47,50,45,46,69,60,65,32,32,33,32,37,33,35,36,32,25,28,27,27,34,37,55,21,25,12,39,12,27,27,31,18,18,18,25,18,27,0,0,0,0,0,0,0,0,0,0,0,65,83,250,174,29967,29967,29968,29966,29980,29981,29980,29981,29980,29981,29984,29984]} 1. c4 Nf6 2. Nc3 e6 {[%cal Be7e6,Be6d5,Bd5d4][%mdl 32]} 3. e4 {[%cal Be2e4,Be4e5][%mdl 32]} d5 4. cxd5 exd5 5. e5 d4 6. exf6 dxc3 7. Bb5+ c6 8. Qe2+ Be6 9. Bc4 Qxf6 10. dxc3 {A18: English Opening: Flohr-Mikenas System (1 c4 Nf6 2 Nc3 e6 3 e4)} Bc5 (10... Be7 11. Bxe6 Qxe6 12. Qxe6 fxe6 13. Nf3 Nd7 14. O-O Bf6 15. Be3 Kf7 16. Nd2 Rhd8 17. Ne4 Nb6 {1-0 (80) Sjugirov,S (2673)-Shevchenko,K (2453) Moscow 2017}) 11. Bxe6 Qxe6 12. Qxe6+ {White is slightly better.} fxe6 13. Nf3 O-O 14. O-O Nd7 15. Re1 Rae8 16. Be3 Rf5 17. Rad1 Bxe3 $146 ({Predecessor:} 17... Rd5) 18. Rxd7 Bb6 $1 19. a4 Rf7 20. Rxf7 Kxf7 $14 {[%mdl 4096] Endgame KRB-KRN} 21. Ng5+ Kf6 22. Ne4+ Ke7 23. Rd1 Rf8 24. Kf1 h6 25. Ke2 Rd8 26. Rxd8 Kxd8 {KB-KN} 27. g4 Ke7 28. f3 Bg1 29. h3 Bb6 30. Kd3 Bg1 31. Kc4 b6 32. Kd3 Bh2 33. b4 b5 34. axb5 cxb5 35. h4 g6 36. h5 gxh5 37. gxh5 Bg1 38. c4 bxc4+ 39. Kxc4 Kd7 (39... Be3 $11) 40. Nf6+ $1 Kc6 $2 (40... Ke7 $16 {was called for.} 41. Ng8+ Kd6) 41. Ng4 $18 Kb6 $2 {[#]} (41... Kd6 $18 42. Kb5 (42. Nxh6 Ke5 $16) 42... Bd4 43. Nxh6 Ke5) 42. Nxh6 {White mates.} Be3 43. Nf7 a5 44. bxa5+ Kxa5 45. Kd3 Bc1 46. Ke4 Bb2 47. Ne5 {Precision: White = 74%, Black = 53%.} 1-0

[Event "CZE-ch Open 2018"]
[Site "Ostrava"]
[Date "2018.04.28"]
[Round "1"]
[White "Michenka, Jozef"]
[Black "Krejci, Jan"]
[Result "1/2-1/2"]
[WhiteElo "2328"]
[BlackElo "2582"]
[Annotator "TA"]
[PlyCount "167"]
[EventDate "2018.??.??"]
[EventCountry "CZE"]
[SourceTitle "playchess.com"]
[Source "ChessBase"]
[SourceQuality "1"]

{[%evp 18,167,-6,-27,0,-19,-7,-2,0,0,0,0,10,0,20,8,24,-31,0,14,52,-5,-11,-62,-67,-68,-68,-122,-112,-141,-139,-154,-158,-172,-162,-175,81,77,79,87,95,91,93,99,95,95,114,112,114,47,48,60,52,52,95,0,0,0,0,0,8,-81,-81,-81,-81,-81,-81,-90,-81,-81,-81,-89,-89,-89,-89,-97,-90,-97,-97,-97,-75,-75,-75,-76,-76,-76,-73,-73,-73,-73,-73,-73,-73,-73,-73,-73,-73,-73,0,-73,-73,-73,0,0,0,0,0,0,0,-73,0,0,0,0,0,-73,-73,-73,0,0,0,0,0,0,0,0,0,0,0,0,0,0,0,0,0,0,0,0,0,0,0,0,0,0,0,0,0,0,0,0,0,0]} 1. d4 d5 2. c4 e6 3. Nf3 a6 4. e3 Nf6 5. Nbd2 (5. Nc3 dxc4 6. Bxc4 c5 7. O-O b5 8. Be2 Bb7 9. dxc5 Qxd1 10. Rxd1 Nc6 11. b3 Bxc5 12. Bb2 O-O 13. Nd2 Be7 14. Bf3 Rfd8 15. Nde4 Nxe4 16. Nxe4 f5 17. Ng3 Na5 18. Ne2 Bxf3 19. gxf3 Kf7 20. f4 Rxd1+ 21. Rxd1 {1-0 (46) Andreikin,D (2712)-Yu,Y (2751) Huaian 2017}) 5... c5 6. cxd5 {D30: Queen's Gambit Declined: Systems without Nc3} exd5 7. dxc5 Bxc5 8. Be2 Nc6 9. O-O O-O 10. Nb3 {LiveBook: 16 Games} Ba7 11. Bd2 Ne4 12. Rc1 $146 ({Predecessor:} 12. Bc3 Re8 {0-1 (23) Westerberg,J (2498)-Ovsejevitsch,S (2571) Vaxjo 2016}) 12... Qd6 13. Bc3 Bg4 14. Nbd4 Rfe8 15. Nxc6 Nxc3 16. Rxc3 bxc6 {[%cal Bb7c6,Bc6c5,Bc5c4][%mdl 32]} 17. Ra3 (17. Qc2 $11) 17... Bb8 18. g3 Qf6 19. Rb3 (19. Qd4 $14 Qxd4 20. Nxd4 Bxe2 21. Nxe2) 19... Ba7 $36 {[%mdl 2048] Black has the initiative.} 20. Nd2 (20. Ne1 $11 Be6 21. Bg4) 20... Bh3 $15 21. Re1 c5 22. Bf1 (22. Rd3 $15) 22... c4 $1 $17 23. Rc3 Bf5 24. Nf3 Rab8 25. Qd2 Bc5 26. a3 Qb6 $2 (26... Bb6 $19 {aiming for ...Be4.} 27. b4 Bg4) 27. Qxd5 $16 Be6 28. Qd2 Red8 29. Qc2 {Hoping for Ng5.} Qxb2 30. Qxb2 Rxb2 31. Bxc4 Bxa3 {Strongly threatening ...Bb4.} 32. Bxe6 ({Resist} 32. Rxa3 $6 Bxc4 33. Rc1 Bb5 $11) 32... Bb4 33. Rb3 (33. Bxf7+ $1 $16 Kxf7 34. Rc7+ Kg8 35. Rec1) 33... Rxb3 $14 34. Bxb3 Bxe1 35. Nxe1 a5 {[%cal Ba6a5,Ba5a4][%mdl 32]} 36. Nf3 ({White should play} 36. Kf1 $16) 36... Rb8 $11 37. Nd4 Rb4 38. Kf1 a4 39. Bd5 (39. Bc2 $1 $11) 39... Rb1+ $17 {[%mdl 1024] Black has strong compensation.} 40. Kg2 {[#]} Rb2 $1 41. h4 a3 42. Kf3 a2 43. Bxa2 Rxa2 {[%mdl 4096] Endgame KR-KN} 44. g4 g6 45. Kg3 Kg7 46. Nf3 Kf6 47. g5+ Kf5 48. Nh2 f6 49. gxf6 Kxf6 50. Ng4+ Kf5 51. f3 h5 52. e4+ Ke6 53. Ne3 Ke5 54. Nd5 Ra1 55. Nf4 Ra6 56. Ne2 Ra8 57. Nf4 Kd4 (57... Rg8 $17) 58. Nd5 (58. Ne6+ $1 $11 Ke3 59. Nc7) 58... Rf8 59. Kf2 Kd3 ({Better is} 59... Rf7 $17) 60. Ne7 $11 Rf6 61. Nd5 Rf7 62. Nb4+ Kd4 63. Nd5 (63. Nc6+ $11 Kc5 64. Ne5) 63... Rd7 (63... Rb7 $17) 64. Nf4 Rd6 65. Ne2+ $1 Ke5 66. Kg3 (66. Ke3 $11 {keeps the balance.}) 66... Rd1 67. Nf4 {[#]} g5 (67... Kf6 $1 $17) 68. Nxh5 {The position is equal.} Rh1 69. f4+ gxf4+ 70. Nxf4 Kxe4 71. Ng2 Ra1 72. h5 Kf5 73. h6 Kg6 74. h7 Kxh7 75. Ne3 Kg6 76. Kf3 Ra4 77. Nd5 Kf5 78. Ne3+ Ke5 79. Ng4+ Kd4 80. Kf4 Ra8 81. Kf5 Rf8+ 82. Nf6 Kc5 83. Ke5 Rxf6 84. Kxf6 {Precision: White = 52%, Black = 70%.} 1/2-1/2

[Event "CZE-ch Open 2018"]
[Site "Ostrava"]
[Date "2018.04.28"]
[Round "1"]
[White "Mikes, Jan"]
[Black "Plat, Vojtech"]
[Result "0-1"]
[WhiteElo "2321"]
[BlackElo "2566"]
[Annotator "TA"]
[PlyCount "76"]
[EventDate "2018.??.??"]
[EventCountry "CZE"]
[SourceTitle "playchess.com"]
[Source "ChessBase"]
[SourceQuality "1"]

{[%evp 20,76,39,40,50,27,57,-61,-72,-66,-18,-106,-110,-164,-175,-124,-70,-95,-79,-87,-93,-129,-145,-143,-144,-157,-154,-143,-136,-141,-69,-137,-88,-106,-108,-125,-93,-144,-144,-209,-85,-113,-76,-83,-97,-87,-71,-222,-219,-214,-218,-195,-183,-331,-350,-329,-298,-1133,-1130]} 1. e4 e5 2. Nf3 d6 3. d4 exd4 4. Nxd4 Nf6 5. Nc3 Be7 6. Be2 O-O 7. O-O Re8 8. f4 Bf8 9. Bf3 c5 10. Nde2 {C41: Philidor Defence} Nc6 11. h3 {LiveBook: 23 Games} (11. Kh1 Bd7 12. Qd3 b5 13. a3 b4 14. Nd5 Rb8 15. b3 a5 16. Nxf6+ Qxf6 17. Rb1 Rbd8 {0-1 (26) Steingrimsson,H (2576)-Mamedyarov,S (2791) Antalya 2017}) 11... Qb6 12. a4 $146 {White is slightly better.} ({Predecessor:} 12. b3 Bd7 13. Bb2 Rac8 14. Na4 Qd8 15. Bxf6 gxf6 16. Ng3 Nd4 17. Bg4 f5 18. exf5 {½-½ (45) Vandenbussche,T (2374)-Fridman,R (2482) Belgium 2011}) 12... Nd4 13. a5 (13. Nxd4 $14 cxd4 14. a5) 13... Nxf3+ $15 14. Rxf3 Qa6 15. Qd3 (15. Ng3 $11) 15... b5 $17 16. e5 (16. Qxb5 $17 Qxb5 17. Nxb5 Rxe4 18. Ng3) 16... dxe5 $19 17. Qxb5 e4 ({Black should try} 17... exf4 $17 18. Nxf4 Qd6) 18. Rf1 Qd6 {Strongly threatening ...Rb8.} 19. Rd1 Qe6 20. f5 Qxf5 {aiming for ...e3.} 21. Be3 Qe5 22. Qc6 Be6 23. Bf4 Qf5 24. Rf1 Bc4 {[#]} (24... Qg6 $17 {Hoping for ...Bxh3.} 25. Kh1 e3 $1 {[%mdl 512]}) 25. Rad1 (25. Bb8 $1 $15 {[%mdl 512]} Bd5 (25... Raxb8 26. Rxf5) 26. Qxa8 Qxf1+ 27. Kxf1 Bxa8 28. Bxa7) 25... e3 26. Qa4 Qe6 27. Rfe1 Bd5 28. Ng3 ({Better is} 28. Nxd5 Nxd5 29. Bg3) 28... Bc6 $17 29. Qa1 {[#]} (29. Qa3 $17) 29... Bb7 (29... Ng4 $1 $19 {[%mdl 512] has better winning chances. ...Nf2 is the strong threat.} 30. hxg4 Qxg4) 30. Rxe3 Qc4 31. Rxe8 Rxe8 32. Qc1 Qa6 $40 {[%mdl 128] Black wants a kill.} 33. Bg5 $2 {[#]} (33. Qd2 $17 {was necessary.}) 33... h6 $1 $19 34. Bxf6 Qxf6 ({Worse is} 34... gxf6 35. Qf4 $16) 35. Qd2 c4 36. Rf1 (36. Qd7 $142 Bc6 37. Qf5) 36... Qg6 37. Nf5 Re5 38. Nh4 $2 (38. a6 Qxa6 39. Qd7) 38... Qg3 {Precision: White = 30%, Black = 66%.} 0-1

[Event "CZE-ch Open 2018"]
[Site "Ostrava"]
[Date "2018.04.28"]
[Round "1"]
[White "Nedela, Vlastimil"]
[Black "Cvek, Robert"]
[Result "1-0"]
[WhiteElo "2307"]
[BlackElo "2505"]
[Annotator "TA"]
[PlyCount "93"]
[EventDate "2018.??.??"]
[EventCountry "CZE"]
[SourceTitle "playchess.com"]
[Source "ChessBase"]
[SourceQuality "1"]

{[%evp 22,93,18,8,16,12,11,12,33,41,46,19,18,19,38,37,43,40,95,102,83,83,119,113,181,182,194,87,87,91,161,119,112,62,81,0,47,27,43,42,21,21,21,23,29,29,58,0,32,45,262,262,247,246,263,255,264,225,332,322,569,569,569,569,562,562,552,538,540,521,401,289,326,313]} 1. Nf3 Nf6 2. g3 g6 3. Bg2 Bg7 4. c4 d6 5. Nc3 O-O 6. O-O c6 7. d4 Bf5 8. Nh4 Be6 9. d5 cxd5 10. cxd5 Bd7 11. Be3 Na6 {[%cal Bb8a6,Ba6c5,Bc5a4][%mdl 32]} 12. Bd4 {LiveBook: 19 Games. E62: King's Indian: Fianchetto: 6...c6 and Panno Variation (6...Nc6) without ...a6} b5 (12... Nc7 13. a4 e5 14. dxe6 Nxe6 15. Nf3 Bc6 16. h3 Re8 17. e3 Qd7 18. Kh2 b6 19. b4 Rac8 20. Rc1 {½-½ (20) Dautov,R (2601)-Baklan,V (2636) Magdeburg 2014}) 13. a3 Nc5 14. e4 $146 {The position is equal.} ({Predecessor:} 14. b4 Na4 15. Nxa4 bxa4 16. e4 Ne8 17. Nf3 a5 18. e5 axb4 19. axb4 Bg4 20. exd6 Qxd6 {1-0 (44) Miralles,G (2460)-Chabanon,J (2445) Marseille 1990}) 14... Ne8 15. Nf3 a5 16. Bxg7 Nxg7 17. b4 axb4 18. axb4 Na4 19. Ne2 Qb6 (19... Nb6 $14) 20. Qd2 $1 $16 Rac8 21. Rfc1 Rc4 22. Ned4 e5 (22... Rfc8 $16 {was worth a try.}) 23. dxe6 $1 $18 Nxe6 24. Rxc4 (24. Nf5 $1 $18 {is more deadly.}) 24... bxc4 $16 {[#]} 25. Qh6 $1 {Hoping for Nxe6.} Re8 ({And not} 25... Nxd4 26. Ng5 Ne2+ 27. Kh1 Nxg3+ 28. hxg3 Re8 29. Qxh7+ Kf8 30. Qxf7#) (25... Qd8 $16) 26. Nxe6 fxe6 27. Ng5 Re7 {[#]} 28. Bh3 $40 {[%mdl 128] Black needs to defend precisely.} (28. Qh4 $1 $16) 28... Qxb4 (28... Qd4 {with more complications.} 29. Ra2 Qd1+ 30. Kg2 c3 31. Nxh7 Rxh7 32. Qxg6+ Rg7) 29. Nxh7 Rxh7 30. Qxg6+ Rg7 31. Bxe6+ Bxe6 32. Qxe6+ Kh7 33. Qh3+ Kg8 34. Qe6+ {[%mdl 1024] White has compensation.} Kh7 35. Qf5+ Kg8 $2 ({Black should try} 35... Kh6 $14) 36. Qd5+ $18 Rf7 37. Qa8+ Kg7 {White must now prevent ...Nb6.} 38. Qxa4 {[%mdl 4096] Endgame KQR-KQR} Qd2 39. Rf1 ({Stronger than} 39. Qxc4 Qxf2+ 40. Kh1 Qf3+ 41. Kg1 Qf2+ 42. Kh1 Qf3+ 43. Kg1 Qf2+ $11) 39... c3 (39... Qd3 $142 40. Qd1 Qxe4 41. Qxd6 Rb7) 40. Qd1 Rc7 $2 (40... Qxd1 41. Rxd1 c2) 41. Qg4+ Kh7 {intending ...c2.} 42. Qh5+ Qh6 43. Qxh6+ Kxh6 44. Rc1 c2 45. Kf1 Kg5 46. h3 Rc4 47. Ke2 {Precision: White = 70%, Black = 40%.} 1-0